[Event "Rilton Cup 51st"]
[Site "Stockholm"]
[Date "2024.01.04"]
[Round "8"]
[White "Ornstein, Axel"]
[Black "Hristodoulaki, Antonia"]
[Result "0-1"]
[WhiteElo "2223"]
[BlackElo "2068"]
[PlyCount "72"]
[EventDate "2023.12.27"]
[EventType "swiss"]
[EventRounds "9"]
[EventCountry "SWE"]
[SourceTitle "CB02_2024"]
[SourceDate "2024.01.10"]
[SourceVersion "1"]
[SourceVersionDate "2024.01.10"]
[SourceQuality "1"]

1. e4 e6 2. d4 d5 3. Nc3 Nc6 4. e5 f6 5. Nf3 Bb4 6. Bd2 Bd7 7. Bd3 Bxc3 8. Bxc3 Nh6 9. Qe2 Nf7 10. 0-0-0 fxe5 11. dxe5 Qe7 12. Kb1 0-0-0 13. h4 Qc5 14. Bb5 Kb8 15. Bxc6 Bxc6 16. Bd4 Qb5 17. Qxb5 Bxb5 18. Ng5 Nxg5 19. hxg5 Be2 20. Rde1 Bg4 21. f3 Bf5 22. g4 Bg6 23. f4 Be4 24. Rhf1 g6 25. Re3 Rdf8 26. Rc3 h5 27. gxh6 Rxh6 28. b4 Rh4 29. Rg3 Rh2 30. Rc3 Rg2 31. Bc5 Re8 32. g5 b6 33. Be3 Rh8 34. Rf2 Rg1+ 35. Kb2 Rhh1 36. Rc6 d4 0-1

[Event "Rilton Cup 51st"]
[Site "Stockholm"]
[Date "2023.12.31"]
[Round "5"]
[White "Kuznecova, Marija"]
[Black "Ornstein, Axel"]
[Result "1-0"]
[WhiteElo "2011"]
[BlackElo "2223"]
[PlyCount "91"]
[EventDate "2023.12.27"]
[EventType "swiss"]
[EventRounds "9"]
[EventCountry "SWE"]
[SourceTitle "CB02_2024"]
[SourceDate "2024.01.10"]
[SourceVersion "1"]
[SourceVersionDate "2024.01.10"]
[SourceQuality "1"]

1. e4 c5 2. Nf3 Nc6 3. Nc3 g6 4. d4 cxd4 5. Nxd4 Bg7 6. Be3 d6 7. Qd2 Nf6 8. f3 0-0 9. 0-0-0 Nxd4 10. Bxd4 Be6 11. Kb1 a6 12. h4 b5 13. h5 b4 14. Nd5 Bxd5 15. exd5 Qa5 16. hxg6 fxg6 17. Qe3 Qxd5 18. b3 Qf7 19. Bc4 d5 20. Bxf6 Qxf6 21. Bxd5+ Rf7 22. Bxf7+ Kxf7 23. c3 bxc3 24. Kc2 Kg8 25. Rhe1 e5 26. Qe4 Rc8 27. Rd3 Qg5 28. Qg4 Qxg4 29. fxg4 Rf8 30. Rf3 Rd8 31. Rxc3 h6 32. Rc6 a5 33. Rxg6 Rd4 34. Rd1 Kf7 35. Rxd4 Kxg6 36. Ra4 Kg5 37. Kd3 Bf6 38. Ke2 Bd8 39. Kf3 Bb6 40. b4 axb4 41. Rxb4 Bc5 42. Rb5 Bd4 43. a4 Kf6 44. Ke4 Kg5 45. Rxe5+ Bxe5 46. Kxe5 1-0

[Event "Rilton Winners Cup Qual"]
[Site "Chess.com INT"]
[Date "2020.12.22"]
[Round "1.1"]
[White "Ornstein, Axel"]
[Black "Bellon Lopez, Juan Manuel"]
[Result "0-1"]
[WhiteElo "2281"]
[BlackElo "2327"]
[PlyCount "90"]
[EventDate "2020.12.22"]
[EventType "match (rapid)"]
[EventRounds "2"]
[EventCountry "SWE"]
[SourceTitle "CBM 200 Extra"]
[Source "ChessBase"]
[SourceDate "2021.03.31"]
[SourceVersion "1"]
[SourceVersionDate "2021.03.31"]
[SourceQuality "1"]

1. Nf3 c5 2. c4 g6 3. Nc3 Bg7 4. d4 cxd4 5. Nxd4 Nc6 6. e3 Nf6 7. Be2 0-0 8. 0-0 b6 9. Bf3 Bb7 10. b4 Qc8 11. Nxc6 Bxc6 12. Bxc6 Qxc6 13. Qb3 Rfc8 14. Nd5 Nxd5 15. cxd5 Qc2 16. Rb1 Rc3 17. Qxc2 Rxc2 18. a3 Rac8 19. Rd1 b5 20. e4 R8c4 21. Be3 Rxe4 22. Bxa7 Ra2 23. Rb3 Rd2 24. Rc1 Bd4 25. Bxd4 Rdxd4 26. Re3 Rxe3 27. fxe3 Rxd5 28. Kf2 Rd2+ 29. Kf3 d6 30. Rc7 Kf8 31. Rb7 Ra2 32. Rxb5 Rxa3 33. Rb8+ Kg7 34. b5 Kf6 35. b6 Rb3 36. h4 d5 37. Ke2 Ke5 38. b7 Ke4 39. Kd2 f5 40. Rh8 Rb2+ 41. Kc1 Rxb7 42. Rxh7 Kxe3 43. Rg7 d4 44. Rxg6 e5 45. Rg3+ Ke2 0-1

[Event "SWE-chT 1920 Elite"]
[Site "Sweden"]
[Date "2020.10.18"]
[Round "7.4"]
[White "Ornstein, Axel"]
[Black "Pantzar, Milton"]
[Result "0-1"]
[WhiteElo "2297"]
[BlackElo "2376"]
[PlyCount "66"]
[EventDate "2019.10.18"]
[EventType "team-tourn"]
[EventRounds "9"]
[EventCountry "SWE"]
[SourceTitle "EXT 2022"]
[Source "ChessBase"]
[SourceDate "2021.10.06"]
[SourceVersion "1"]
[SourceVersionDate "2021.10.06"]
[SourceQuality "1"]
[WhiteTeam "Eksjo"]
[BlackTeam "Vasteras"]
[WhiteTeamCountry "SWE"]
[BlackTeamCountry "SWE"]

1. d4 d5 2. c4 e6 3. Nc3 a6 4. cxd5 exd5 5. Bf4 Nf6 6. e3 Bd6 7. Nge2 0-0 8. Qc2 Re8 9. Bg5 c6 10. Ng3 h6 11. Bxf6 Qxf6 12. 0-0-0 b5 13. Kb1 a5 14. e4 Bxg3 15. hxg3 dxe4 16. Nxe4 Rxe4 17. Bxb5 Be6 18. Bc4 Nd7 19. f3 Rxd4 20. Rxd4 Qxd4 21. Bxe6 fxe6 22. Rd1 Qa7 23. Qxc6 Nf8 24. Rc1 Rd8 25. Rc5 Rd1+ 26. Kc2 Rg1 27. f4 Qf7 28. Qf3 a4 29. g4 Qg6+ 30. f5 Qg5 31. Kd3 exf5 32. Rxf5 Qd8+ 33. Kc2 Ne6 0-1

[Event "SWE-chT 1920 Elite"]
[Site "Sweden"]
[Date "2020.02.02"]
[Round "6.1"]
[White "Ornstein, Axel"]
[Black "Kulaots, Kaido"]
[Result "0-1"]
[WhiteElo "2297"]
[BlackElo "2542"]
[PlyCount "82"]
[EventDate "2019.10.18"]
[EventType "team-tourn"]
[EventRounds "9"]
[EventCountry "SWE"]
[SourceTitle "CBM 194 Extra"]
[Source "ChessBase"]
[SourceDate "2020.03.31"]
[SourceVersion "1"]
[SourceVersionDate "2020.03.31"]
[SourceQuality "1"]
[WhiteTeam "Eksjo"]
[BlackTeam "Lunds"]
[WhiteTeamCountry "SWE"]
[BlackTeamCountry "SWE"]

1. d4 Nf6 2. c4 g6 3. g3 Bg7 4. Bg2 0-0 5. Nc3 d6 6. Nf3 c6 7. 0-0 Bf5 8. Re1 Ne4 9. Nxe4 Bxe4 10. Qb3 Qb6 11. Be3 c5 12. Rad1 Qxb3 13. axb3 Na6 14. Rd2 b6 15. Ra1 Nb4 16. Ne1 Bxg2 17. Kxg2 Rfb8 18. Nd3 Nxd3 19. Rxd3 Kf8 20. Ra6 cxd4 21. Bxd4 Bxd4 22. Rxd4 b5 23. Rd2 Rb7 24. e3 h5 25. Kf3 Rc8 26. Rc2 Rc5 27. e4 bxc4 28. bxc4 Rb3+ 29. Kg2 Rc7 30. Ra4 f6 31. h4 Kf7 32. f3 Rcb7 33. Ra2 Ke6 34. Kf2 Rd3 35. Ra3 Rxb2 36. Rxb2 Rxa3 37. Rb7 a5 38. Ra7 Ra2+ 39. Ke3 a4 40. f4 a3 41. Kf3 Ra1 0-1

[Event "Malmo op"]
[Site "Malmo"]
[Date "2019.12.15"]
[Round "7"]
[White "Hussein, Sabeh"]
[Black "Ornstein, Axel"]
[Result "0-1"]
[WhiteElo "2140"]
[BlackElo "2296"]
[PlyCount "102"]
[EventDate "2019.12.13"]
[EventType "swiss"]
[EventRounds "8"]
[EventCountry "SWE"]
[SourceTitle "CBM 193 Extra"]
[Source "ChessBase"]
[SourceDate "2020.01.31"]
[SourceVersion "1"]
[SourceVersionDate "2020.01.31"]
[SourceQuality "1"]

1. e4 e5 2. Nf3 Nc6 3. Bb5 a6 4. Ba4 Nf6 5. 0-0 Be7 6. Re1 b5 7. Bb3 0-0 8. c3 d6 9. h3 Nb8 10. a4 Bb7 11. axb5 axb5 12. Rxa8 Bxa8 13. d3 Nbd7 14. Nbd2 c5 15. c4 b4 16. Nf1 Nh5 17. g4 Nf4 18. Kh2 h5 19. Kg3 g6 20. Ne3 Kg7 21. Ng2 Nxg2 22. Kxg2 Nf6 23. Nh2 hxg4 24. hxg4 Rh8 25. Rh1 Rh4 26. Bg5 Nxe4 27. dxe4 Bxg5 28. f3 Qh8 29. Qg1 Bf4 30. Nf1 Rxh1 31. Qxh1 Qxh1+ 32. Kxh1 Bc1 33. Kg2 Bxb2 34. Ne3 Kh6 35. Nd5 Bxd5 36. exd5 Kg5 37. Kf2 Bd4+ 38. Ke2 e4 39. Bc2 exf3+ 40. Kxf3 f5 41. gxf5 gxf5 42. Bd1 Kf6 43. Kf4 Bb2 44. Bc2 Bc1+ 45. Kf3 Ke5 46. Ke2 f4 47. Kd3 f3 48. Bd1 Kf4 49. Kc2 Be3 50. Kd3 Bd4 51. Kd2 Kg3 0-1

[Event "Malmo op"]
[Site "Malmo"]
[Date "2019.12.14"]
[Round "4"]
[White "Ornstein, Axel"]
[Black "Heberla, Bartlomiej"]
[Result "0-1"]
[WhiteElo "2296"]
[BlackElo "2565"]
[PlyCount "66"]
[EventDate "2019.12.13"]
[EventType "swiss"]
[EventRounds "8"]
[EventCountry "SWE"]
[SourceTitle "CBM 193 Extra"]
[Source "ChessBase"]
[SourceDate "2020.01.31"]
[SourceVersion "1"]
[SourceVersionDate "2020.01.31"]
[SourceQuality "1"]

1. d4 Nf6 2. c4 c5 3. d5 b5 4. Nd2 d6 5. e4 Qa5 6. Qc2 g6 7. b3 Bg7 8. Bb2 0-0 9. cxb5 a6 10. Bc3 Qd8 11. Ngf3 e6 12. dxe6 fxe6 13. bxa6 d5 14. Bb5 dxe4 15. Ng5 e3 16. fxe3 Bh6 17. Nge4 Nd5 18. Nc4 Bxa6 19. Bxa6 Nxa6 20. 0-0-0 Nab4 21. Bxb4 cxb4 22. Rhe1 Rc8 23. Rd3 Qh4 24. Ng3 Qxh2 25. Nf1 Qh4 26. g3 Qf6 27. Nfd2 Ra8 28. Nb1 Qa1 29. Rd2 Bg7 30. e4 Nc3 31. a4 bxa3 32. Ncxa3 Rxa3 33. Rd7 Bh6+ 0-1

[Event "Malmo op"]
[Site "Malmo"]
[Date "2019.12.14"]
[Round "6"]
[White "Ornstein, Axel"]
[Black "Rasti, Arvin"]
[Result "1/2-1/2"]
[WhiteElo "2296"]
[BlackElo "2181"]
[PlyCount "73"]
[EventDate "2019.12.13"]
[EventType "swiss"]
[EventRounds "8"]
[EventCountry "SWE"]
[SourceTitle "CBM 193 Extra"]
[Source "ChessBase"]
[SourceDate "2020.01.31"]
[SourceVersion "1"]
[SourceVersionDate "2020.01.31"]
[SourceQuality "1"]

1. d4 Nf6 2. c4 g6 3. g3 Bg7 4. Bg2 0-0 5. Nc3 d6 6. Nf3 Nc6 7. 0-0 a6 8. d5 Na5 9. Nd2 c5 10. Rb1 Rb8 11. b3 b5 12. Bb2 bxc4 13. bxc4 Ng4 14. Qc2 Ne5 15. Na4 Bd7 16. Ba1 Qc7 17. f4 Ng4 18. Bxg7 Kxg7 19. Qc3+ Kg8 20. Nb2 Rb7 21. h3 Nf6 22. Nd3 Rfb8 23. Rxb7 Rxb7 24. e4 Rb8 25. g4 Nb7 26. Rb1 Nd8 27. Rxb8 Qxb8 28. Qa5 Qc8 29. Qb6 Be8 30. e5 Nd7 31. Qa5 f5 32. exd6 exd6 33. g5 Kf7 34. Nb3 Kg8 35. h4 h5 36. Qe1 Nb7 37. Bf3 1/2-1/2

[Event "Malmo op"]
[Site "Malmo"]
[Date "2019.12.14"]
[Round "5"]
[White "Syla, Blerim"]
[Black "Ornstein, Axel"]
[Result "0-1"]
[WhiteElo "2065"]
[BlackElo "2296"]
[PlyCount "82"]
[EventDate "2019.12.13"]
[EventType "swiss"]
[EventRounds "8"]
[EventCountry "SWE"]
[SourceTitle "CBM 193 Extra"]
[Source "ChessBase"]
[SourceDate "2020.01.31"]
[SourceVersion "1"]
[SourceVersionDate "2020.01.31"]
[SourceQuality "1"]

1. e4 c5 2. Bc4 Nc6 3. Nc3 e6 4. d3 a6 5. a4 Nf6 6. Bg5 Be7 7. Nge2 h6 8. Bh4 0-0 9. 0-0 Ne5 10. Bb3 Ng6 11. Bg3 Nh5 12. f4 Nxg3 13. Nxg3 d6 14. Qg4 Kh7 15. f5 Ne5 16. Qe2 Bd7 17. Nh5 g6 18. f6 gxh5 19. fxe7 Qxe7 20. Qxh5 Rg8 21. Rf2 Rg5 22. Qh3 Rag8 23. Raf1 R8g7 24. Ne2 d5 25. Nf4 c4 26. Ba2 Ng4 27. Re2 dxe4 28. dxe4 Qc5+ 29. Kh1 e5 30. Qc3 exf4 31. Rxf4 Rh5 32. h3 Ne5 33. Ref2 Rhg5 34. b4 Qd6 35. Rf6 Qd1+ 36. Rf1 Qe2 37. R6f2 Qxe4 38. Re1 Qh4 39. Qe3 Bc6 40. Rf4 Rxg2 41. Re4 Bxe4 0-1

[Event "SWE-chT 1920 Elite"]
[Site "Sweden"]
[Date "2019.10.20"]
[Round "3.3"]
[White "Blomqvist, Erik"]
[Black "Ornstein, Axel"]
[Result "1-0"]
[WhiteElo "2523"]
[BlackElo "2297"]
[PlyCount "65"]
[EventDate "2019.10.18"]
[EventType "team-tourn"]
[EventRounds "9"]
[EventCountry "SWE"]
[SourceTitle "CBM 192 Extra"]
[Source "Chessbase"]
[SourceDate "2019.11.06"]
[SourceVersion "1"]
[SourceVersionDate "2019.11.06"]
[SourceQuality "1"]
[WhiteTeam "Stockholm Rockaden"]
[BlackTeam "Eksjo"]
[WhiteTeamCountry "SWE"]
[BlackTeamCountry "SWE"]

1. e4 e5 2. Nf3 Nc6 3. Bb5 a6 4. Ba4 Nf6 5. 0-0 Be7 6. d3 b5 7. Bb3 0-0 8. Nc3 d6 9. a3 Bg4 10. Be3 Qd7 11. h3 Bh5 12. Nd5 Na5 13. Nxf6+ Bxf6 14. Ba2 Rae8 15. g4 Bg6 16. Kg2 h6 17. g5 hxg5 18. Nxg5 Bxg5 19. Bxg5 Kh8 20. f4 f5 21. fxe5 Rxe5 22. Bd2 Nc6 23. Bc3 Ree8 24. Rf4 Qe7 25. exf5 Qg5+ 26. Qg4 Rxf5 27. Rxf5 Qxf5 28. Rf1 Qxg4+ 29. hxg4 Ne5 30. Kg3 c5 31. Bd5 Bh7 32. Rh1 g6 33. Bf7 1-0

[Event "SWE-chT 1819 Elite"]
[Site "Sweden"]
[Date "2019.03.30"]
[Round "8.3"]
[White "Ornstein, Axel"]
[Black "Ernst, Thomas"]
[Result "1-0"]
[WhiteElo "2306"]
[BlackElo "2321"]
[PlyCount "85"]
[EventDate "2018.11.09"]
[EventType "team-tourn"]
[EventRounds "9"]
[EventCountry "SWE"]
[SourceTitle "CBM 189 Extra"]
[Source "ChessBase"]
[SourceDate "2019.06.03"]
[SourceVersion "1"]
[SourceVersionDate "2019.06.03"]
[SourceQuality "1"]
[WhiteTeam "Eksjo"]
[BlackTeam "Farsta"]
[WhiteTeamCountry "SWE"]
[BlackTeamCountry "SWE"]

1. d4 d5 2. c4 c6 3. Nc3 Nf6 4. e3 e6 5. Nf3 Nbd7 6. Qc2 Bd6 7. Bd3 0-0 8. 0-0 dxc4 9. Bxc4 b5 10. Be2 Bb7 11. Rd1 Qe7 12. b3 a6 13. a4 Rfc8 14. Ne4 Nxe4 15. Qxe4 e5 16. axb5 axb5 17. Rxa8 Bxa8 18. dxe5 Nxe5 19. Nxe5 Qxe5 20. Qxe5 Bxe5 21. Ba3 Bf6 22. Bc5 Rd8 23. Rxd8+ Bxd8 24. Bg4 g6 25. e4 Bb7 26. f4 f5 27. exf5 Bc8 28. Bf3 Bxf5 29. Bxc6 Be6 30. b4 Bc4 31. Kf2 Kf7 32. Bd7 Be7 33. Bxe7 Kxe7 34. Bg4 Kd6 35. Ke3 Bd5 36. g3 h6 37. Kd4 Bc6 38. Be2 Bd7 39. Bd3 Be8 40. h4 h5 41. Bc2 Bf7 42. Be4 Be8 43. Bd3 1-0

[Event "Rilton Cup 48th"]
[Site "Stockholm"]
[Date "2018.12.27"]
[Round "1"]
[White "Ornstein, Axel"]
[Black "Santos Latasa, Jaime"]
[Result "0-1"]
[WhiteElo "2300"]
[BlackElo "2584"]
[PlyCount "116"]
[EventDate "2018.12.27"]
[EventType "swiss"]
[EventRounds "9"]
[EventCountry "SWE"]
[SourceTitle "CBM 188 Extra"]
[Source "ChessBase"]
[SourceDate "2019.02.26"]
[SourceVersion "1"]
[SourceVersionDate "2019.02.26"]
[SourceQuality "1"]

1. d4 Nf6 2. Nf3 d5 3. c4 e6 4. Bg5 h6 5. Bxf6 Qxf6 6. Nc3 c6 7. Qb3 Nd7 8. e4 dxe4 9. Nxe4 Qf4 10. Bd3 Be7 11. 0-0 0-0 12. Rad1 e5 13. dxe5 Nxe5 14. Nxe5 Qxe5 15. f4 Qd4+ 16. Kh1 Qb6 17. Qc2 Bf5 18. Ng3 Bxd3 19. Rxd3 Rad8 20. Nf5 Bf6 21. Rb3 Qa5 22. Rxb7 Rd2 23. b4 Qxb4 24. Rxb4 Rxc2 25. Ra4 Re8 26. Ng3 Bd4 27. h4 Rb8 28. Nf5 Bc5 29. Ra5 Bb6 30. Ra3 Kh7 31. Rg3 g6 32. Nd6 Bc7 33. Rd1 Rd8 34. Rgd3 Kg8 35. Nxf7 Rxd3 36. Rxd3 Bxf4 37. g3 Kxf7 38. gxf4 Rxc4 39. h5 Rxf4 40. hxg6+ Kxg6 41. Rd6+ Rf6 42. Rd7 a5 43. Kg2 Kg5 44. Kg3 Rf5 45. Rg7+ Kf6 46. Rc7 Rc5 47. a4 h5 48. Rh7 Rc3+ 49. Kf2 Kg5 50. Rg7+ Kf4 51. Rf7+ Ke4 52. Re7+ Kd4 53. Ke2 h4 54. Rh7 Rh3 55. Ra7 Re3+ 56. Kf2 Re5 57. Rh7 c5 58. Rxh4+ Kc3 0-1

[Event "Malmo op"]
[Site "Malmo"]
[Date "2018.12.16"]
[Round "7"]
[White "Ornstein, Axel"]
[Black "Crevatin, Leo"]
[Result "1-0"]
[WhiteElo "2289"]
[BlackElo "2120"]
[PlyCount "61"]
[EventDate "2018.12.14"]
[EventType "swiss"]
[EventRounds "8"]
[EventCountry "SWE"]
[SourceTitle "CBM 187 Extra"]
[Source "ChessBase"]
[SourceDate "2018.11.04"]
[SourceVersion "1"]
[SourceVersionDate "2018.11.04"]
[SourceQuality "1"]

1. d4 d5 2. c4 c6 3. Nf3 e6 4. Qc2 dxc4 5. Qxc4 b5 6. Qc2 Bb7 7. e4 Nd7 8. Bd3 Ngf6 9. 0-0 h6 10. Nc3 b4 11. Na4 Qa5 12. a3 Qh5 13. h3 a5 14. Be3 g5 15. Ne5 Nxe5 16. dxe5 Nd7 17. Nb6 Nxb6 18. Bxb6 g4 19. hxg4 Qxe5 20. f4 Qg7 21. Be2 Be7 22. Rad1 f6 23. f5 e5 24. axb4 Bxb4 25. Bc4 Qxg4 26. Bf7+ Kxf7 27. Rd7+ Kf8 28. Bc5+ Bxc5+ 29. Qxc5+ Kg8 30. Qc4+ Kf8 31. Qf7# 1-0

[Event "Vasteras op"]
[Site "Vasteras"]
[Date "2018.09.30"]
[Round "7"]
[White "Ask, Josef"]
[Black "Ornstein, Axel"]
[Result "0-1"]
[WhiteElo "2141"]
[BlackElo "2306"]
[PlyCount "140"]
[EventDate "2018.09.28"]
[EventType "swiss"]
[EventRounds "8"]
[EventCountry "SWE"]
[SourceTitle "CBM 186 Extra"]
[Source "ChessBase"]
[SourceDate "2018.08.24"]
[SourceVersion "1"]
[SourceVersionDate "2018.08.24"]
[SourceQuality "1"]

1. e4 e6 2. d4 d5 3. Nc3 Bb4 4. exd5 exd5 5. Bd3 Nc6 6. a3 Bxc3+ 7. bxc3 Nge7 8. Qh5 g6 9. Qf3 Bf5 10. Rb1 b6 11. Bg5 Qd6 12. Ne2 Bxd3 13. cxd3 0-0-0 14. 0-0 Rde8 15. a4 h6 16. Bd2 f5 17. c4 g5 18. Rfc1 g4 19. Qf4 Qxf4 20. Nxf4 Nxd4 21. cxd5 c5 22. a5 Nxd5 23. Nxd5 Ne2+ 24. Kf1 Nxc1 25. Rxc1 Rd8 26. Ne7+ Kb7 27. Nxf5 Rxd3 28. Bxh6 Kc6 29. axb6 axb6 30. Ke2 Ra3 31. Rc2 Ra4 32. g3 Re4+ 33. Be3 Rxh2 34. Kd3 Ra4 35. Nd4+ Kd5 36. Nb5 Kc6 37. Nc3 Rb4 38. Ne4 Rh8 39. Nf6 Rd8+ 40. Ke2 Rd6 41. Nh5 c4 42. Ng7 b5 43. Nf5 Rd7 44. Nd4+ Kd5 45. Ra2 c3 46. Kd3 Kc5 47. Kxc3 Rc4+ 48. Kd3 Rdxd4+ 49. Bxd4+ Rxd4+ 50. Kc3 b4+ 51. Kc2 Kc4 52. Ra8 b3+ 53. Kc1 Kc3 54. Rc8+ Rc4 55. Rb8 Re4 56. Rc8+ Kb4 57. Rb8+ Ka3 58. Ra8+ Ra4 59. Re8 Ka2 60. Rb8 Rc4+ 61. Kd2 b2 62. Kd3 Rc7 63. Ra8+ Kb1 64. Kd2 Rd7+ 65. Ke2 Rd5 66. Ra7 Kc2 67. Rc7+ Kb3 68. Rb7+ Kc3 69. Ke3 Rd3+ 70. Ke2 Rd4 0-1

[Event "Lund CellaVision Cup"]
[Site "Lund"]
[Date "2018.08.04"]
[Round "5"]
[White "Lindberg, Bengt"]
[Black "Ornstein, Axel"]
[Result "1/2-1/2"]
[WhiteElo "2416"]
[BlackElo "2309"]
[PlyCount "86"]
[EventDate "2018.08.03"]
[EventType "swiss"]
[EventRounds "8"]
[EventCountry "SWE"]
[SourceTitle "CBM 186 Extra"]
[Source "ChessBase"]
[SourceDate "2018.08.24"]
[SourceVersion "1"]
[SourceVersionDate "2018.08.24"]
[SourceQuality "1"]

1. e4 e5 2. Nf3 Nc6 3. Bb5 g6 4. c3 d6 5. d4 Bd7 6. 0-0 Bg7 7. Re1 Nf6 8. a4 0-0 9. Bg5 h6 10. Bh4 a6 11. Bc4 g5 12. Bg3 Bg4 13. dxe5 Bxf3 14. Qxf3 Nxe5 15. Bxe5 dxe5 16. Na3 Qd2 17. Ba2 b5 18. Re2 Qd7 19. Nc2 bxa4 20. Ne3 g4 21. Qg3 Nxe4 22. Qh4 Nf6 23. Rd1 Qc8 24. Nd5 Nxd5 25. Bxd5 Rb8 26. Re4 Qf5 27. Rxg4 Rbd8 28. h3 Kh8 29. Kh2 a3 30. bxa3 Qf6 31. Qxf6 Bxf6 32. Rc4 e4 33. g3 Be5 34. Rxe4 Bxc3 35. Rc4 Be5 36. f4 Bd6 37. a4 Kg7 38. Kg2 Rb8 39. Rdc1 Rb2+ 40. Kf3 Rb3+ 41. R4c3 Rxc3+ 42. Rxc3 Rb8 43. Rc6 Rb6 1/2-1/2

[Event "Lund CellaVision Cup"]
[Site "Lund"]
[Date "2018.08.04"]
[Round "6"]
[White "Ornstein, Axel"]
[Black "Cramling, Pia"]
[Result "0-1"]
[WhiteElo "2309"]
[BlackElo "2453"]
[PlyCount "82"]
[EventDate "2018.08.03"]
[EventType "swiss"]
[EventRounds "8"]
[EventCountry "SWE"]
[SourceTitle "CBM 186 Extra"]
[Source "ChessBase"]
[SourceDate "2018.08.24"]
[SourceVersion "1"]
[SourceVersionDate "2018.08.24"]
[SourceQuality "1"]

1. d4 Nf6 2. Nf3 d5 3. Bf4 c5 4. c3 Nc6 5. e3 Qb6 6. Qb3 c4 7. Qc2 Bf5 8. Qc1 e6 9. Nbd2 Be7 10. b3 Qa5 11. b4 Bxb4 12. cxb4 Nxb4 13. Be2 Nc2+ 14. Kf1 Nxa1 15. Qxa1 0-0 16. h3 Rfc8 17. g4 Bg6 18. Kg2 Rc6 19. Rc1 Rac8 20. Nb1 Ra6 21. a3 Nd7 22. Nfd2 b5 23. Qb2 Rcc6 24. f3 b4 25. axb4 Qa1 26. Qxa1 Rxa1 27. e4 Rb6 28. Rc2 Rxb4 29. Nc3 f6 30. h4 a5 31. h5 Bf7 32. Na2 Rb6 33. Bc7 Rb7 34. Bd6 a4 35. Kf2 h6 36. Nxc4 dxc4 37. Bxc4 Rb6 38. Bc5 Rbb1 39. Bd6 Rd1 40. Ke3 Re1+ 41. Be2 Reb1 0-1

[Event "Malmo op"]
[Site "Malmo"]
[Date "2017.12.16"]
[Round "3"]
[White "Ornstein, Axel"]
[Black "Harren, Mats"]
[Result "1-0"]
[WhiteElo "2340"]
[BlackElo "2103"]
[PlyCount "65"]
[EventDate "2017.12.15"]
[EventType "swiss"]
[EventRounds "8"]
[EventCountry "SWE"]
[SourceTitle "CBM 182 Extra"]
[Source "ChessBase"]
[SourceDate "2018.02.23"]
[SourceVersion "1"]
[SourceVersionDate "2018.02.23"]
[SourceQuality "1"]

1. Nf3 Nf6 2. d4 e6 3. Bg5 h6 4. Bh4 d6 5. e3 g5 6. Bg3 Nh5 7. Bd3 Bg7 8. Nfd2 Nxg3 9. hxg3 b6 10. Qf3 c6 11. Nc3 Bb7 12. Nc4 d5 13. Ne5 Bxe5 14. dxe5 Nd7 15. Qh5 Nxe5 16. Be2 Qf6 17. f4 gxf4 18. gxf4 Nd7 19. 0-0-0 0-0-0 20. Bf3 Rdg8 21. Ne2 c5 22. c4 e5 23. cxd5 exf4 24. Nxf4 Rg5 25. Qh3 Qe5 26. Rhe1 Qd6 27. Ne2 Kb8 28. Nc3 Nf6 29. Qh4 Re5 30. Nb5 Qd8 31. Qf4 Rhe8 32. d6 Nh5 33. Bxh5 1-0